zpět

Detail výsledku týmu

Bledý Úsvit, Český Těšín

Datum a čas kvízu

33.5 Celkem bodů Celkový počet nahraných bodů na tomto kvízu bez doplňovacích otázek.
3. Pořadí na kvízu Konečné umístění týmu na tomto kvízu.

Zaznamenané odpovědi

# Otázka Odpověď Body Výsledky
1. Čerstvý výtisk nového dobrodru... Dan Brown; Tajemství všech tajemství 1
2. V úterý byla slavnostně spuště... Etiopie 1
3. Ve čtvrtek měla v českých kin... Srnky 1
4. Řada polských zelinářů je pořá... B 0
5. V sobotu byl slavnostně zaháje... atletika; Tokio 1
6. V tomto tématu se budeme zabýv... děda - vnuk 1
7. Chronologicky seřaďte vybrané... 1D 2B 3C 4A 1
8. Která z uvedených osobností je... A 1
9. V této otázce nás bude zajímat... Vratislav (I.) 0
10. Přiřaďte příbuzenské vztahy vy... 1B 2D 3A 4C 1